Encyclopaedia of home science / (Record no. 136411)
[ view plain ]
| 000 -LEADER | |
|---|---|
| fixed length control field | 00970nam a2200217 4500 |
| 010 ## - LIBRARY OF CONGRESS CONTROL NUMBER | |
| LC control number | A-702040 |
| 020 ## - INTERNATIONAL STANDARD BOOK NUMBER | |
| International Standard Book Number | 8170419069(Set) |
| 035 ## - SYSTEM CONTROL NUMBER | |
| System control number | A-702040 |
| 037 ## - SOURCE OF ACQUISITION | |
| Source of stock number/acquisition | Cen Lib / Ret |
| 040 ## - CATALOGING SOURCE | |
| Original cataloging agency | DPL |
| Language of cataloging | EN |
| 082 ## - DEWEY DECIMAL CLASSIFICATION NUMBER | |
| Classification number | 640.3 |
| Item number | ENC |
| 245 ## - TITLE STATEMENT | |
| Title | Encyclopaedia of home science / |
| Statement of responsibility, etc | edited by S. R. Sharma and Vijay Kaushik |
| 260 ## - PUBLICATION, DISTRIBUTION, ETC. (IMPRINT) | |
| Place of publication, distribution, etc | New Delhi |
| Name of publisher, distributor, etc | Anmol Publications Pvt Ltd |
| Date of publication, distribution, etc | 1994 |
| 270 ## - ADDRESS | |
| Address | 4374/4B, Ansari Road |
| City | Darya Ganj New Delhi |
| Postal code | 110002 |
| 300 ## - PHYSICAL DESCRIPTION | |
| Extent | 7 v. ; (v 1. 274 ; v 2. 367 ; v 3. 337 ; v 5. 362 ; v 6. 251 ; v 7. 319 ) |
| Other physical details | 24cm(Hb) |
| 505 ## - FORMATTED CONTENTS NOTE | |
| Formatted contents note | 7 v. ; (v 1. Principles of home science ; v 2. Food, nutrition and cookery ; v 3. Home management and house keeping ; v 4. Textile and laundry (not available) ; v 5 Nursing and health education ; v 6. Child development ; v 7. Human relationships ) |
| 650 ## - SUBJECT ADDED ENTRY--TOPICAL TERM | |
| Topical term or geographic name as entry element | Home economics. |
| 650 ## - SUBJECT ADDED ENTRY--TOPICAL TERM | |
| Topical term or geographic name as entry element | Home Science - Dictionary |
| 700 ## - ADDED ENTRY--PERSONAL NAME | |
| Personal name | Kaushik, Vijay |
| 942 ## - ADDED ENTRY ELEMENTS (KOHA) | |
| Source of classification or shelving scheme | Dewey Decimal Classification |
| Koha item type | English Books |
| Classification part | 640.3 |
| Call number suffix | ENC |
| Withdrawn status | Lost status | Materials specified (bound volume or other part) | Damaged status | Not for loan | Collection code | Home library | Current library | Date acquired | Source of acquisition | Cost, normal purchase price | Total Checkouts | Full call number | Barcode | Date last seen | Copy number | Cost, replacement price | Price effective from | Koha item type |
|---|---|---|---|---|---|---|---|---|---|---|---|---|---|---|---|---|---|---|
| v 6 | Not For Loan | Reference | Central Library | Central Library | 01/03/2016 | Cen Lib/Ret | 3000.00 | 640.3 ENC | A-702044 | 01/03/2016 | 6 | 3000.00 | 01/03/2016 | English Books | ||||
| v 1 | Not For Loan | Reference | Central Library | Central Library | 01/03/2016 | Cen Lib/Ret | 3000.00 | 640.3 ENC | A-702039 | 01/03/2016 | 1 | 3000.00 | 27/07/2016 | English Books | ||||
| v 2 | Not For Loan | Reference | Central Library | Central Library | 01/03/2016 | Cen Lib/Ret | 3000.00 | 640.3 ENC | A-702040 | 01/03/2016 | 2 | 3000.00 | 01/03/2016 | English Books | ||||
| v 3 | Not For Loan | Reference | Central Library | Central Library | 01/03/2016 | Cen Lib/Ret | 3000.00 | 640.3 ENC | A-702041 | 01/03/2016 | 3 | 3000.00 | 01/03/2016 | English Books | ||||
| v 5 | Not For Loan | Reference | Central Library | Central Library | 01/03/2016 | Cen Lib/Ret | 3000.00 | 640.3 ENC | A-702043 | 01/03/2016 | 5 | 3000.00 | 01/03/2016 | English Books | ||||
| v 7 | Not For Loan | Reference | Central Library | Central Library | 01/03/2016 | Cen Lib/Ret | 3000.00 | 640.3 ENC | A-702045 | 01/03/2016 | 7 | 3000.00 | 01/03/2016 | English Books |
